Prontuario de textos para Christmas y felicitaciones de Año Nuevo (Record no. 84450)

MARC details
000 -LEADER
campo de control de longitud fija 00851nam a2200229 i 4500
001 - NÚMERO DE CONTROL
campo de control 84450
003 - IDENTIFICADOR DE NÚMERO DE CONTROL
campo de control ES-MaACL
005 - FECHA Y HORA DE LA ÚLTIMA TRANSACCIÓN
campo de control 20250822143146.0
007 - CAMPO FIJO DE DESCRIPCIÓN FÍSICA--INFORMACIÓN GENERAL
campo de control de longitud fija t|
008 - DATOS DE LONGITUD FIJA--INFORMACIÓN GENERAL
campo de control de longitud fija 041122s19571958sp |||| | spa d
080 ## - NÚMERO DE LA CLASIFICACIÓN DECIMAL UNIVERSAL
Número de la Clasificación Decimal Universal 087.61
245 00 - MENCIÓN DEL TÍTULO
Título Prontuario de textos para Christmas y felicitaciones de Año Nuevo
Resto del título : a los que siguen una selección de modelos para participaciones de enlace y natalicio /
Mención de responsabilidad, etc. reunidos, ordenados y comentados por Florencio Janer, maestro impresor.
246 34 - FORMA VARIANTE DEL TITULO
Título propio/Titulo breve Prontuario de textos para Christmas
250 ## - MENCION DE EDICION
Mención de edición [1ª ed.].
260 ## - PUBLICACIÓN, DISTRIBUCIÓN, ETC.
Lugar de publicación, distribución, etc. Barcelona :
Nombre del editor, distribuidor, etc. [s.n.],
Fecha de publicación, distribución, etc. 1957 (
Fabricante Gráficas B. Sirven)
Fecha de publicación, distribución, etc. D.L.1958.
300 ## - DESCRIPCIÓN FÍSICA
Extensión 101 p. ;
Dimensiones 18 cm.
650 #4 - PUNTO DE ACCESO ADICIONAL DE MATERIA--TÉRMINO DE MATERIA
Término de materia o nombre geográfico como elemento de entrada Cartas-
Subdivisión general Redacción.
9 (RLIN) 141077
650 #4 - PUNTO DE ACCESO ADICIONAL DE MATERIA--TÉRMINO DE MATERIA
Término de materia o nombre geográfico como elemento de entrada Navidad.
9 (RLIN) 147954
700 1# - ENTRADA AGREGADA--NOMBRE PERSONAL
Nombre de persona Janer, Florencio,
Fechas asociadas al nombre 1831-1877
9 (RLIN) 66005
852 ## - LOCALIZACIÓN
Ubicación ES-MaACL
Número de control de estantería C-17531
Holdings
Estatus retirado Estado de pérdida Estado de daño No para préstamo Biblioteca de origen Biblioteca actual Ubicación en estantería Fecha de adquisición Fuente de adquisición Total de préstamos Signatura topográfica completa Código de barras Visto por última vez Precio de reemplazo Tipo de ítem Koha
        Biblioteca del Ateneo de Madrid Biblioteca del Ateneo de Madrid Galería 17/01/2008     C-17531 1088253 23/02/2023 23/02/2023 Libro impreso